Normal view MARC view

Entry Personal Name

Number of records used in: 1

001 - CONTROL NUMBER

  • control field: 336391

003 - CONTROL NUMBER IDENTIFIER

  • control field: OSt

005 - DATE AND TIME OF LATEST TRANSACTION

  • control field: 20220926031828.0

008 - FIXED-LENGTH DATA ELEMENTS

  • fixed length control field: 220926|| aca||aabn | a|a d

040 ## - CATALOGING SOURCE

  • Original cataloging agency: OSt
  • Transcribing agency: OSt

100 ## - HEADING--PERSONAL NAME

  • Personal name: INDIA, REVENUE AND AGRICULTURE (Deptt of-)

670 ## - SOURCE DATA FOUND

  • Source citation: Work cat.: (OSt)653275: INDIA, REVENUE AND AGRICULTURE (Deptt of-) 336390, Narative of the famine in India in 1896-97 by T W, 1897
Copyright @ Delhi University Library System